000 00234nam a2200097Ia 4500
008 190216s9999||||xx |||||||||||||| ||und||
100 _aK A Neelakanda Shashthri
245 0 _aDakshina Bharatha Charithram
260 _bNull
942 _cBK
999 _c19219
_d19219